000
00337nam a2200133Ia 4500
008
220214s9999 xx 000 0 und d
022
_a
0037-8208
245
0
_a
Socialist India
260
_b
Socialist India
_a
New Delhi
310
_a
W
500
_a
Ending Volume & Year: 1976,
500
_a
Starting Volume & Year: 1, 1970
942
_c
BJ
999
_c
3926
_d
3926